| 000 | 00511cam a22001937a 4500 | ||
|---|---|---|---|
| 001 | 000381 | ||
| 003 | armpunfd | ||
| 005 | 20140612090608.0 | ||
| 008 | e0####s1993####ag###000#0#und#d# | ||
| 040 |
_aarmpunfd _carmpunfd |
||
| 080 | _a347.957 M815 | ||
| 100 | 1 | _aMorello, Augusto. | |
| 245 | 1 | 0 | _aCasación : un modelo intermedio eficente. |
| 260 |
_aBuenos Aires : _bAbeledo-Perrot, _c1993. |
||
| 650 | 7 |
_aCasación _2LEMB |
|
| 650 | 7 |
_aDerecho procesal _2LEMB |
|
| 942 |
_cLB _2cdu |
||
| 945 |
_aCatalis _d2010-08-19 |
||
| 999 |
_c379 _d230883 |
||